banner-ar

معرض الفن البيزنطى الايطالى فسيفساء مدينة رافنا / (Record no. 36365)

MARC details
000 -الفاتح
حقل البيانات ثابتة الطول 00613nam a2200181Ia 4500
008 - عناصر البيانات ثابتة الطول - معلومات عامة
حقل البيانات ثابتة الطول 140319s9999 xx 000 0 ara d
040 ## - مصدر الفهرسة
وكالة الفهرسة الأصلية GCL /
وكالة النسخ GCL
082 04 - رقم تصنيف ديوى العشرى
رقم التصنيف 708
رقم المادة ج م
100 1# - المدخل الرئيسى - إسم شخصى
الإسم الشخصى جمعية محبى الفنون الجميلة
245 10 - بيان العنوان
العنوان معرض الفن البيزنطى الايطالى فسيفساء مدينة رافنا /
بيان المسئوليه,etc جمعية محبى الفنون الجميلة
490 ## - بيان السلسلة
عنوان السلسلة
650 04 - المدخل الاضافى بالموضوع-مصطلح موضوعى
مصطلح موضوعي الفن
650 04 - المدخل الاضافى بالموضوع-مصطلح موضوعى
مصطلح موضوعي الفن البيزنطى
650 04 - المدخل الاضافى بالموضوع-مصطلح موضوعى
مصطلح موضوعي ايطاليا
942 ## - عناصر المدخل الإضافي( كوها)
مصدر التصنيف او مخطط الترفيف Dewey Decimal Classification
Koha [default] item type كتاب
260 ## - PUBLICATION, DISTRIBUTION, ETC. (IMPRINT)
-- [S.N] :
-- جمعية محبى الفنون الجميلة
Holdings
حالة التراجع حالة الفقد حالة تلف ليس للاعارة المكان المؤقت الموقع الحالى تاريخ الاكتساب اجمالي اﻻعارات رقم الطلب الباركود تاريخ اخر مشاهدة تاريخ تفعيل السعر نوع وعاء كوها
        مكتبة القاهرة الكبرى مكتبة القاهرة الكبرى 03/26/2014   708\ج م 88459 03/26/2014 03/26/2014 كتاب

Powered By

EGPV